The copyright catch (Record no. 67218)
[ view plain ]
| 000 -LEADER | |
|---|---|
| fixed length control field | 01360cam a2200241 4500 |
| 001 - CONTROL NUMBER | |
| control field | ABS64032 |
| 008 - FIXED-LENGTH DATA ELEMENTS--GENERAL INFORMATION | |
| fixed length control field | 000000n2001 000 0 eng u |
| 035 ## - SYSTEM CONTROL NUMBER | |
| System control number | (Sirsi) u112920 |
| 100 ## - MAIN ENTRY--PERSONAL NAME | |
| Personal name | Bennett, S |
| 245 #4 - TITLE STATEMENT | |
| Title | The copyright catch |
| 260 ## - PUBLICATION, DISTRIBUTION, ETC. | |
| Date of publication, distribution, etc. | 2001 |
| 490 ## - SERIES STATEMENT | |
| Series statement | HouseBuilder |
| Volume/sequential designation | May 2001, 24(1) |
| 520 ## - SUMMARY, ETC. | |
| Summary, etc. | Considers how issues of copyright are often neglected by planners, and highlights that the original author of an architectural drawing will always own the copyright if there is no agreement to the contrary. Discusses the case of "Cala Homes (South) Limited v Alfred McAlpine Homes East Limited" where the developer wanted to use architectural drawings created by joint authorship for another development. Also examines the case of "Blair v Osborne and Tomkins" which considers the rights of a third party to use drawings to further develop a site. Concludes that to avoid confusion, a standard form agreement which clearly state who owns copyright in drawings or designs is advisable. |
| 590 ## - LOCAL NOTE (RLIN) | |
| Local note | ABS |
| 650 ## - SUBJECT ADDED ENTRY--TOPICAL TERM | |
| Topical term or geographic name entry element | COPYRIGHT |
| 650 ## - SUBJECT ADDED ENTRY--TOPICAL TERM | |
| Topical term or geographic name entry element | ARCHITECTURAL DRAWINGS |
| 650 ## - SUBJECT ADDED ENTRY--TOPICAL TERM | |
| Topical term or geographic name entry element | BUILDING DESIGNS |
| 650 ## - SUBJECT ADDED ENTRY--TOPICAL TERM | |
| Topical term or geographic name entry element | PLANNING PERMISSION |
| 650 ## - SUBJECT ADDED ENTRY--TOPICAL TERM | |
| Topical term or geographic name entry element | CALA HOMES (SOUTH) LTD V ALFRED MCALPINE HOMES EAST LTD |
| 650 ## - SUBJECT ADDED ENTRY--TOPICAL TERM | |
| Topical term or geographic name entry element | BLAIR V OSBORNE AND TOMKINS |
| 690 ## - LOCAL SUBJECT ADDED ENTRY--TOPICAL TERM (OCLC, RLIN) | |
| Topical term or geographic name as entry element | ENVIRONMENTAL AND LAND CONSULTANCY-PLANNING AND DEVELOPMENT |
| 942 ## - ADDED ENTRY ELEMENTS (KOHA) | |
| Suppress in OPAC | 0 |
| Withdrawn status | Lost status | Source of classification or shelving scheme | Damaged status | Not for loan | Home library | Current library | Shelving location | Date acquired | Total Checkouts | Full call number | Barcode | Date last seen | Copy number | Price effective from | Koha item type |
|---|---|---|---|---|---|---|---|---|---|---|---|---|---|---|---|
| Dewey Decimal Classification | London | London | Journal article | 01/06/2001 | ABS64032 | 112920-1001 | 06/08/2019 | 1 | 06/08/2019 | Journal article |